
Library Catalogue

| 000 -LEADER | |
|---|---|
| fixed length control field | 00968nam a2200217Ia 4500 |
| 003 - CONTROL NUMBER IDENTIFIER | |
| control field | OSt |
| 005 - DATE AND TIME OF LATEST TRANSACTION | |
| control field | 20210217152449.0 |
| 008 - FIXED-LENGTH DATA ELEMENTS--GENERAL INFORMATION | |
| fixed length control field | 160316s2014 xxu||||| |||| 00| 0 eng d |
| 020 ## - INTERNATIONAL STANDARD BOOK NUMBER | |
| International Standard Book Number | 9788132117933 |
| 040 ## - CATALOGING SOURCE | |
| Transcribing agency | n |
| 082 ## - DEWEY DECIMAL CLASSIFICATION NUMBER | |
| Classification number | 307.121000 |
| Item number | MOH |
| 100 ## - MAIN ENTRY--PERSONAL NAME | |
| Personal name | Mohanty Prasanna K |
| 245 ## - TITLE STATEMENT | |
| Title | Cities and public policy : An urban agenda for india |
| 260 ## - PUBLICATION, DISTRIBUTION, ETC. | |
| Place of publication, distribution, etc. | New Delhi |
| Name of publisher, distributor, etc. | Sage Publications |
| Date of publication, distribution, etc. | 2014 |
| 300 ## - PHYSICAL DESCRIPTION | |
| Extent | 333p |
| Dimensions | xv |
| 365 ## - TRADE PRICE | |
| Price amount | Rs. 995 |
| 505 ## - FORMATTED CONTENTS NOTE | |
| Formatted contents note | Table of contents<br/>Preface<br/>Introduction;<br/>Cities and Agglomeration Economies;<br/>Fallacy of Over-urbanisation;<br/>Spatial Planning, Transportation, and Land Use;<br/>Right to the City: Making Urbanisation Inclusive;<br/>Financing City Development and Services;<br/>Using Urban Land as a Resource;<br/>Institutional Framework for Good Urban Governance;<br/>Cities and Public Policy: An Urban Agenda for India;<br/>Bibliography;<br/>Index |
| 650 ## - SUBJECT ADDED ENTRY--TOPICAL TERM | |
| Topical term or geographic name entry element | 1. Urban Policy - India2. Urbanization |
| 700 ## - ADDED ENTRY--PERSONAL NAME | |
| Personal name | |
| -- | |
| 942 ## - ADDED ENTRY ELEMENTS (KOHA) | |
| Source of classification or shelving scheme | Dewey Decimal Classification |
| Koha item type | BOOKs |
| Withdrawn status | Lost status | Damaged status | Not for loan | Home library | Current library | Shelving location | Date acquired | Cost, normal purchase price | Total Checkouts | Full call number | Barcode | Date last seen | Date last checked out | Price effective from | Koha item type |
|---|---|---|---|---|---|---|---|---|---|---|---|---|---|---|---|
| . | . | General Stacks | 30.05.2017 | 998.00 | 7 | 307.121 MOH | 33960 | 09.12.2025 | 03.12.2025 | 30.05.2017 | BOOKs |